Tribunal de Contrataciones

Detalles Bibliográficos
Formato: eBook
Lenguaje:español
Materias:
Acceso en línea:Acceso restringido

MARC

LEADER 00000nam a22000007a 4500
005 20140715225244.0
007 cr|||| ||||
008 140715s2007 pa |||||s||||z00||0 spa d
035 |a 11895 
040 |a vLex 
090 |c 5073  |d 5073 
245 0 0 |a Tribunal de Contrataciones  |h [Recurso electrn̤ico] / 
256 |a Servicio en ln̕ea 
300 |a 1 recurso electrn̤ico 
506 1 |a Disponible solo en los productos indicados  |d vLex Global  |d vLex Global (Academic Edition, excluding Law Schools)  |d vLex Global (U.S. Academic Edition, Law Schools)  |d vLex Global (U.S. Academic Edition, excluding Law Schools)  |d vLex Global (Academic Edition, Law Schools) 
650 0 4 |a Administracin̤ de Justicia  |z Panam̀ 
740 0 |a vLex Libros (Servicio en ln̕ea) 
856 4 0 |u http://vlex.com/source/tribunal-de-contrataciones-11895  |z Acceso restringido 
942 |c BOOK 
999 0 |a Administration of Justice